Poznámky k výběru systémů pro práci s databázemi

Výber systému pre prácu s databázou. Hodnota a využiteľnosť softwaru. Stabilita produktu a perspektívy ďalšieho vývoja. Úžitková hodnota systému.

Na minha lista:
Detalhes bibliográficos
Autor principal: Žváček, J.
Formato: Capítulo de Livro
Idioma:tcheco
Assuntos:
Tags: Adicionar Tag
Sem tags, seja o primeiro a adicionar uma tag!

MARC

LEADER 00000naa a2200000 4500
001 r019362
005 20221205102804.7
041 0 |a cze 
044 |a CZ 
245 1 0 |a Poznámky k výběru systémů pro práci s databázemi  |c J. Žváček 
520 |a Výber systému pre prácu s databázou. Hodnota a využiteľnosť softwaru. Stabilita produktu a perspektívy ďalšieho vývoja. Úžitková hodnota systému. 
610 2 0 |a systémy databázové 
610 2 0 |a hodnota úžitková 
610 2 0 |a vývoj systémov 
610 2 0 |a technika výpočtová 
610 2 0 |a systémy operačné 
610 2 0 |a softvér 
100 1 |a Žváček, J.